00715nam a2200193 a 450000100100000000500170001000800410002704000250006808200150009324500820010826000490019030000330023950000210027259000260029370000320031970000400035195201130039199900170050400003734220200930080313.0120328s1968 xxuab r 001 0 spa d aDO-SdBNPbspacBNPHU axxxxbxxxx00aThe american indian today. /ceditores Stuart Levine y Nancy Oestreich Lurie. aBaltimore, Estados Unidos :bPenguin,c1968. a352 p. :bil. map. ;c18 cm. aIncluye índice aInventariado, 2019/BT1 aLevine, Stuart,eed.9638091 aOestreich Lurie, Nancy,eed.963810 001050718MOaGRbGRcHDd2012-03-28iLF1l0oxxxx xxxxp37342-10r2020-06-25w2020-06-25y1ZNo se presta c36832d36832